[Event "Budapest-chT1 Lilienthal 1718"]
[Site "Budapest"]
[Date "2018.04.15"]
[Round "13"]
[White "Emmer, Adam"]
[Black "Sandor, Jozsef"]
[Result "1/2-1/2"]
[WhiteElo "1878"]
[BlackElo "1984"]
[PlyCount "116"]
[EventDate "2017.10.01"]
[EventType "team-tourn"]
[EventRounds "13"]
[EventCountry "HUN"]
[SourceTitle "EXT 2021"]
[Source "ChessBase"]
[SourceDate "2020.10.23"]
[SourceVersion "1"]
[SourceVersionDate "2020.10.23"]
[SourceQuality "1"]
[WhiteTeam "Budapest Ujpest KSE"]
[BlackTeam "Palota Sakk"]
[WhiteTeamCountry "HUN"]
[BlackTeamCountry "HUN"]

1. Nf3 Nf6 2. d4 d5 3. e3 e6 4. Bd3 Be7 5. 0-0 Nbd7 6. Nbd2 c5 7. b3 0-0 8. Bb2 b6 9. Qe2 Bb7 10. Ne5 Nxe5 11. dxe5 Nd7 12. f4 g6 13. e4 d4 14. Nf3 Qc7 15. c3 dxc3 16. Bxc3 Rfe8 17. Bc4 Qc6 18. Rae1 f5 19. exf6 Bxf6 20. e5 Be7 21. Bb5 Qc7 22. h4 Bxf3 23. Rxf3 Bxh4 24. Rd1 Red8 25. Rh3 Be7 26. Kf2 Nf8 27. Rdh1 Rdc8 28. Bc4 Bd8 29. g4 Qf7 30. Rf3 a6 31. a4 b5 32. axb5 axb5 33. Bxb5 Qa7 34. Bc4 Qa2 35. Bb2 Qa7 36. f5 Qe7 37. f6 Qc7 38. Bc3 Qc6 39. Rd1 Bc7 40. Qd2 Rd8 41. Qh6 Rd7 42. Kg3 Rad8 43. Rdf1 Rf7 44. Ra1 Ra8 45. Rxa8 Qxa8 46. Qe3 Qc6 47. Qe2 Nd7 48. g5 h6 49. Qe3 Kh7 50. Kf2 h5 51. Rh3 Nf8 52. Bd3 Kg8 53. Be4 Qb5 54. Qd3 Qxd3 55. Rxd3 Rd7 56. Rxd7 Nxd7 57. Bxg6 h4 58. Ke3 Nxe5 1/2-1/2

[Event "Budapest-chT1 Lilienthal 1718"]
[Site "Budapest"]
[Date "2018.03.11"]
[Round "11"]
[White "Sandor, Jozsef"]
[Black "Bokros, Istvan"]
[Result "0-1"]
[WhiteElo "1984"]
[BlackElo "2091"]
[PlyCount "80"]
[EventDate "2017.10.01"]
[EventType "team-tourn"]
[EventRounds "13"]
[EventCountry "HUN"]
[SourceTitle "EXT 2021"]
[Source "ChessBase"]
[SourceDate "2020.10.23"]
[SourceVersion "1"]
[SourceVersionDate "2020.10.23"]
[SourceQuality "1"]
[WhiteTeam "Palota Sakk"]
[BlackTeam "Mattolda"]
[WhiteTeamCountry "HUN"]
[BlackTeamCountry "HUN"]

1. Nf3 Nf6 2. d4 g6 3. Nc3 d5 4. Bf4 Bg7 5. e3 0-0 6. Be2 c5 7. Ne5 Nc6 8. Nxc6 bxc6 9. Be5 Qa5 10. Qd2 Nd7 11. Bxg7 Kxg7 12. Nd1 Qxd2+ 13. Kxd2 Rb8 14. b3 cxd4 15. exd4 c5 16. dxc5 Nxc5 17. f3 e5 18. Nf2 f5 19. Nd3 Nxd3 20. cxd3 Ba6 21. Rhc1 Rfc8 22. d4 Bxe2 23. Kxe2 Kf6 24. dxe5+ Kxe5 25. Kd3 f4 26. Re1+ Kd6 27. Rac1 Rxc1 28. Rxc1 Re8 29. Rd1 Re3+ 30. Kd2 d4 31. Rc1 d3 32. Re1 Rxe1 33. Kxe1 Kd5 34. Kd2 Kd4 35. a3 a6 36. g3 fxg3 37. hxg3 h5 38. b4 g5 39. a4 h4 40. gxh4 gxh4 0-1

[Event "Budapest-chT1 Lilienthal 1718"]
[Site "Budapest"]
[Date "2018.02.11"]
[Round "9"]
[White "Sandor, Jozsef"]
[Black "Kiraly, Zoltan"]
[Result "1/2-1/2"]
[WhiteElo "1984"]
[BlackElo "1953"]
[PlyCount "43"]
[EventDate "2017.10.01"]
[EventType "team-tourn"]
[EventRounds "13"]
[EventCountry "HUN"]
[SourceTitle "EXT 2021"]
[Source "ChessBase"]
[SourceDate "2020.10.23"]
[SourceVersion "1"]
[SourceVersionDate "2020.10.23"]
[SourceQuality "1"]
[WhiteTeam "Palota Sakk"]
[BlackTeam "Csepel"]
[WhiteTeamCountry "HUN"]
[BlackTeamCountry "HUN"]

1. Nf3 d5 2. d4 Nf6 3. Bf4 e6 4. e3 c5 5. c3 Be7 6. Nbd2 0-0 7. Ne5 Nc6 8. Bd3 Bd7 9. Qf3 c4 10. Bc2 b5 11. a3 a5 12. Qh3 Ra7 13. Bg5 g6 14. Qh4 Nh5 15. Bxe7 Qxe7 16. Qxe7 Nxe7 17. 0-0 Nf6 18. Rfe1 Nc6 19. Nxc6 Bxc6 20. Nf3 Rb8 21. Ne5 Be8 22. f3 1/2-1/2

[Event "HUN-chT2 Erkel 1718"]
[Site "Hungary"]
[Date "2018.01.28"]
[Round "7.8"]
[White "Mayer, Istvan"]
[Black "Sandor, Jozsef"]
[Result "1-0"]
[WhiteElo "2077"]
[BlackElo "1984"]
[PlyCount "59"]
[EventDate "2017.09.24"]
[EventType "team-tourn"]
[EventRounds "11"]
[EventCountry "HUN"]
[SourceTitle "EXT 2021"]
[Source "ChessBase"]
[SourceDate "2020.10.23"]
[SourceVersion "1"]
[SourceVersionDate "2020.10.23"]
[SourceQuality "1"]
[WhiteTeam "Szigetszentmiklos"]
[BlackTeam "Budapest MAFC"]
[WhiteTeamCountry "HUN"]
[BlackTeamCountry "HUN"]

1. e4 d6 2. d4 e5 3. Nc3 Nf6 4. Nf3 Qe7 5. Bg5 c6 6. h3 Nbd7 7. Be2 h6 8. Be3 g5 9. Qd3 Bg7 10. 0-0-0 b6 11. h4 g4 12. Nh2 h5 13. Bg5 Nf8 14. f3 N8h7 15. Be3 Nf8 16. Nf1 Ng6 17. Bg5 Bh6 18. dxe5 dxe5 19. Qd6 Qxd6 20. Rxd6 Bxg5+ 21. hxg5 Nh7 22. Ne3 gxf3 23. Bxf3 Nxg5 24. Bxh5 Nf4 25. g4 Bd7 26. Rhd1 Rd8 27. Nc4 Ke7 28. Nxe5 Nxh5 29. gxh5 Ne6 30. Rxd7+ 1-0

[Event "HUN-chT2 Erkel 1718"]
[Site "Hungary"]
[Date "2017.11.26"]
[Round "4.8"]
[White "Sandor, Jozsef"]
[Black "Nadasi, Balazs"]
[Result "0-1"]
[WhiteElo "1984"]
[BlackElo "2129"]
[PlyCount "60"]
[EventDate "2017.09.24"]
[EventType "team-tourn"]
[EventRounds "11"]
[EventCountry "HUN"]
[SourceTitle "EXT 2021"]
[Source "ChessBase"]
[SourceDate "2020.10.23"]
[SourceVersion "1"]
[SourceVersionDate "2020.10.23"]
[SourceQuality "1"]
[WhiteTeam "Budapest MAFC"]
[BlackTeam "Sarkany DSE"]
[WhiteTeamCountry "HUN"]
[BlackTeamCountry "HUN"]

1. Nf3 Nf6 2. d4 d5 3. Bf4 c5 4. c3 Nc6 5. e3 Qb6 6. Qb3 c4 7. Qxb6 axb6 8. Nbd2 b5 9. Ne5 b4 10. Nxc6 bxc6 11. cxb4 e6 12. a3 Bxb4 13. 0-0-0 c3 14. Nb1 cxb2+ 15. Kxb2 Be7 16. Rc1 Bd7 17. Bd3 0-0 18. Rc3 Ra7 19. h3 Rfa8 20. Rb3 c5 21. Bb8 Ra4 22. dxc5 Bxc5 23. Rc1 Bf8 24. Be5 Be8 25. Bc3 Nd7 26. Bb5 Nc5 27. Bxa4 Bxa4 28. Bb4 Nxb3 29. Bxf8 Nxc1 30. Bd6 Nd3+ 0-1

[Event "Budapest-chT1 Lilienthal 1718"]
[Site "Budapest"]
[Date "2017.10.15"]
[Round "2"]
[White "Harmatosi, Jozsef"]
[Black "Sandor, Jozsef"]
[Result "1-0"]
[WhiteElo "2137"]
[BlackElo "1984"]
[PlyCount "71"]
[EventDate "2017.10.01"]
[EventType "team-tourn"]
[EventRounds "13"]
[EventCountry "HUN"]
[SourceTitle "EXT 2021"]
[Source "ChessBase"]
[SourceDate "2020.10.23"]
[SourceVersion "1"]
[SourceVersionDate "2020.10.23"]
[SourceQuality "1"]
[WhiteTeam "Siraly"]
[BlackTeam "Palota Sakk"]
[WhiteTeamCountry "HUN"]
[BlackTeamCountry "HUN"]

1. d4 d6 2. g3 e5 3. c3 Nf6 4. Bg2 Be7 5. e4 0-0 6. Nd2 Re8 7. Ngf3 Nbd7 8. 0-0 Bf8 9. Re1 g6 10. b3 Bg7 11. Bb2 h6 12. Qc2 Nf8 13. Rad1 Bd7 14. dxe5 dxe5 15. Nc4 Nh5 16. Ba3 Qc8 17. Ne3 Bc6 18. Nd5 Bxd5 19. exd5 Qf5 20. Qxf5 gxf5 21. Nh4 f4 22. Nf5 Ng6 23. d6 c6 24. d7 Red8 25. Ne7+ Kh7 26. Nxg6 Kxg6 27. Be7 fxg3 28. hxg3 Nf6 29. Bxd8 Rxd8 30. Bh3 Nd5 31. c4 Nb4 32. Re2 a5 33. f4 f6 34. fxe5 fxe5 35. Rd6+ Kg5 36. Rf2 1-0

[Event "HUN-chT2 Erkel 1617"]
[Site "Hungary"]
[Date "2017.04.09"]
[Round "11.9"]
[White "Sandor, Jozsef"]
[Black "Egeto, Janos Lehel"]
[Result "0-1"]
[WhiteElo "2024"]
[BlackElo "2002"]
[PlyCount "54"]
[EventDate "2016.09.25"]
[EventType "team-tourn"]
[EventRounds "11"]
[EventCountry "HUN"]
[SourceTitle "EXT 2021"]
[Source "ChessBase"]
[SourceDate "2020.10.23"]
[SourceVersion "1"]
[SourceVersionDate "2020.10.23"]
[SourceQuality "1"]
[WhiteTeam "Budapest MAFC"]
[BlackTeam "Budapest Kobanya II"]
[WhiteTeamCountry "HUN"]
[BlackTeamCountry "HUN"]

1. Nf3 d5 2. d4 Nf6 3. Bf4 e6 4. e3 Bd6 5. Ne5 0-0 6. Nd2 c5 7. c3 Nc6 8. Qf3 Qc7 9. Nxc6 Qxc6 10. Bxd6 Qxd6 11. Be2 Re8 12. 0-0 Qb6 13. Rab1 e5 14. dxe5 Rxe5 15. Bd3 Bg4 16. Qg3 Rae8 17. h3 Bh5 18. Qh4 Bg6 19. Bxg6 hxg6 20. Rfd1 Qa6 21. a3 Qe2 22. Qg3 Rf5 23. f3 Qxe3+ 24. Qf2 Rfe5 25. Re1 Qd3 26. Nf1 Re2 27. Qxc5 Rxe1 0-1

[Event "HUN-chT2 Erkel 1617"]
[Site "Hungary"]
[Date "2017.01.29"]
[Round "7.8"]
[White "Toth, Mate Jozsef"]
[Black "Sandor, Jozsef"]
[Result "1/2-1/2"]
[WhiteElo "1858"]
[BlackElo "2024"]
[PlyCount "111"]
[EventDate "2016.09.25"]
[EventType "team-tourn"]
[EventRounds "11"]
[EventCountry "HUN"]
[SourceTitle "EXT 2021"]
[Source "ChessBase"]
[SourceDate "2020.10.23"]
[SourceVersion "1"]
[SourceVersionDate "2020.10.23"]
[SourceQuality "1"]
[WhiteTeam "Szada GSBE"]
[BlackTeam "Budapest MAFC"]
[WhiteTeamCountry "HUN"]
[BlackTeamCountry "HUN"]

1. c4 d6 2. d4 e5 3. dxe5 dxe5 4. Qxd8+ Kxd8 5. Nf3 f6 6. Nc3 Be6 7. e4 Nd7 8. Be3 Bb4 9. Be2 Ne7 10. a3 Bxc3+ 11. bxc3 c6 12. Nd2 Kc7 13. a4 Nc8 14. a5 Nd6 15. 0-0 f5 16. f4 Nxe4 17. Nxe4 fxe4 18. fxe5 Rhf8 19. g3 a6 20. Rfd1 Rae8 21. Kg2 c5 22. Rab1 Rf7 23. Rd2 Nxe5 24. Bxc5 Nxc4 25. Bxc4 Bxc4 26. Bd6+ Kc8 27. Bf4 Rd8 28. Rd4 Bd3 29. Rb6 Rxd4 30. cxd4 Rd7 31. Be5 Rd5 32. Bxg7 Rxa5 33. g4 Ra2+ 34. Kg3 Rc2 35. h4 Rc6 36. Rb3 b5 37. Be5 a5 38. Kf4 Kd7 39. g5 Ke6 40. h5 a4 41. Rb4 Rc1 42. d5+ Kxd5 43. Rd4+ Ke6 44. Rd6+ Ke7 45. Rb6 Rf1+ 46. Ke3 Rh1 47. h6 Rh3+ 48. Kd4 Bc2 49. Kd5 Rd3+ 50. Bd4 e3 51. Re6+ Kd7 52. Re5 a3 53. Rxe3 Rxe3 54. Bxe3 b4 55. Bc1 a2 56. Bb2 1/2-1/2

[Event "HUN-chT2 Erkel 1617"]
[Site "Hungary"]
[Date "2016.11.13"]
[Round "4.10"]
[White "Vrona, Mihail"]
[Black "Sandor, Jozsef"]
[Result "1-0"]
[WhiteElo "2032"]
[BlackElo "2024"]
[PlyCount "91"]
[EventDate "2016.09.25"]
[EventType "team-tourn"]
[EventRounds "11"]
[EventCountry "HUN"]
[SourceTitle "EXT 2021"]
[Source "ChessBase"]
[SourceDate "2020.10.23"]
[SourceVersion "1"]
[SourceVersionDate "2020.10.23"]
[SourceQuality "1"]
[WhiteTeam "Fot"]
[BlackTeam "Budapest MAFC"]
[WhiteTeamCountry "HUN"]
[BlackTeamCountry "HUN"]

1. d4 d6 2. Nf3 Nd7 3. b3 Ngf6 4. Bb2 g6 5. g3 Bg7 6. Bg2 0-0 7. 0-0 Re8 8. Nbd2 c6 9. c4 Qc7 10. Qc2 Nf8 11. e4 h6 12. Rad1 Be6 13. Rfe1 Rad8 14. Nf1 Qc8 15. Ne3 Ng4 16. d5 Nxe3 17. Rxe3 Bg4 18. Bxg7 Kxg7 19. Rde1 Bxf3 20. Bxf3 f6 21. Bg2 g5 22. f4 Ng6 23. Qf2 a5 24. a4 c5 25. h3 b6 26. Kh2 h5 27. Rf1 g4 28. Qb2 Rf8 29. h4 Kh6 30. Qd2 Kg7 31. Rf2 Rf7 32. Bf1 Qd7 33. Bd3 Rh8 34. Qc2 Nf8 35. e5 fxe5 36. fxe5 Rxf2+ 37. Qxf2 Rh6 38. Qf4 Ng6 39. Qg5 dxe5 40. Rxe5 Qe8 41. d6 e6 42. Re1 e5 43. Bf5 Rh8 44. d7 Qf7 45. Rxe5 Rf8 46. Qxg6+ 1-0

[Event "HUN-chT2 Erkel 1617"]
[Site "Hungary"]
[Date "2016.09.25"]
[Round "1.9"]
[White "Patai, Peter"]
[Black "Sandor, Jozsef"]
[Result "1/2-1/2"]
[WhiteElo "1842"]
[BlackElo "2024"]
[PlyCount "63"]
[EventDate "2016.09.25"]
[EventType "team-tourn"]
[EventRounds "11"]
[EventCountry "HUN"]
[SourceTitle "EXT 2021"]
[Source "ChessBase"]
[SourceDate "2020.10.23"]
[SourceVersion "1"]
[SourceVersionDate "2020.10.23"]
[SourceQuality "1"]
[WhiteTeam "Salgotarjan"]
[BlackTeam "Budapest MAFC"]
[WhiteTeamCountry "HUN"]
[BlackTeamCountry "HUN"]

1. e4 d6 2. d4 Nf6 3. Nc3 e5 4. dxe5 dxe5 5. Qxd8+ Kxd8 6. Bg5 c6 7. 0-0-0+ Kc7 8. Bc4 Be6 9. Bxe6 fxe6 10. Nf3 Nbd7 11. Rd2 Bb4 12. Rhd1 Bxc3 13. bxc3 Nc5 14. Bxf6 gxf6 15. Re2 Rhg8 16. g3 Rad8 17. Nd2 Rg4 18. f3 Rg7 19. Nb3 Rxd1+ 20. Kxd1 Na4 21. Re3 Nb2+ 22. Kc1 Nc4 23. Rd3 b6 24. Nd2 Nxd2 25. Kxd2 Rg6 26. c4 Rh6 27. h4 Rg6 28. g4 Rg7 29. Ke3 Rf7 30. Ra3 Kb7 31. Rd3 Kc7 32. Ra3 1/2-1/2

[Event "HUN-chT2 Erkel 1516"]
[Site "Hungary"]
[Date "2016.04.03"]
[Round "10.10"]
[White "Sandor, Jozsef"]
[Black "Kutas, Balazs"]
[Result "1-0"]
[WhiteElo "2015"]
[BlackElo "1800"]
[PlyCount "61"]
[EventDate "2015.09.13"]
[EventType "team-tourn"]
[EventRounds "11"]
[EventCountry "HUN"]
[SourceTitle "EXT 2017"]
[Source "ChessBase"]
[SourceDate "2016.10.25"]
[SourceVersion "1"]
[SourceVersionDate "2016.10.25"]
[SourceQuality "1"]
[WhiteTeam "MAFC"]
[BlackTeam "Salgotarjan"]
[WhiteTeamCountry "HUN"]
[BlackTeamCountry "HUN"]

1. Nf3 c5 2. c3 Nc6 3. d4 cxd4 4. cxd4 d5 5. Nc3 Nf6 6. e3 a6 7. Bd3 g6 8. 0-0 Bg7 9. Bd2 0-0 10. Rc1 Re8 11. h3 e5 12. dxe5 Nxe5 13. Nxe5 Rxe5 14. Ne2 Nh5 15. Bc3 Rg5 16. f4 Rg3 17. Nxg3 Nxg3 18. Rf3 Bxc3 19. Rxc3 Nf5 20. Bc2 Be6 21. Bb3 d4 22. exd4 Qxd4+ 23. Qxd4 Nxd4 24. Rfe3 Nxb3 25. axb3 h5 26. Red3 a5 27. Rc7 b5 28. Kf2 b4 29. Rc5 a4 30. bxa4 Rxa4 31. Rd4 1-0

[Event "HUN-chT2 Breyer 1415"]
[Site "Hungary"]
[Date "2014.09.07"]
[Round "?"]
[White "Sandor, Jozsef"]
[Black "Fekete, Laszlo"]
[Result "1/2-1/2"]
[WhiteElo "2017"]
[BlackElo "1803"]
[PlyCount "107"]
[EventDate "2014.09.07"]
[EventType "team-tourn"]
[EventRounds "11"]
[EventCountry "HUN"]
[SourceTitle "EXT 2016"]
[Source "ChessBase"]
[SourceDate "2015.10.08"]
[SourceVersion "1"]
[SourceVersionDate "2015.10.08"]
[SourceQuality "1"]
[WhiteTeam "MAFC"]
[BlackTeam "Szechenyi"]
[WhiteTeamCountry "HUN"]
[BlackTeamCountry "HUN"]

1. Nf3 d5 2. d4 Nf6 3. Bf4 Bg4 4. Ne5 Bf5 5. e3 Nbd7 6. Bd3 Bxd3 7. Qxd3 e6 8. Nd2 c5 9. Qb5 Qb6 10. a4 cxd4 11. exd4 a6 12. Nxd7 Nxd7 13. Qxb6 Nxb6 14. Bc7 Nd7 15. c3 Rc8 16. Bf4 Nb6 17. 0-0 Be7 18. Rfe1 0-0 19. h3 h6 20. a5 Nc4 21. b3 Nxd2 22. Bxd2 Bf6 23. Rab1 Rfe8 24. f4 Rc6 25. b4 Rec8 26. b5 Rc4 27. bxa6 bxa6 28. Rb6 Ra4 29. Rxa6 Bd8 30. Rb1 Rxa5 31. Rxa5 Bxa5 32. Rb3 Bd8 33. Kf1 Bh4 34. Be1 Bf6 35. Ke2 Ra8 36. Rb2 g5 37. fxg5 Bxg5 38. Bd2 Kg7 39. Bxg5 hxg5 40. Ke3 Kg6 41. Rf2 Rh8 42. Re2 Rh4 43. Rf2 f5 44. Kd3 g4 45. hxg4 Rxg4 46. Re2 Re4 47. Rxe4 fxe4+ 48. Ke3 Kf5 49. g3 Kg4 50. c4 dxc4 51. Kxe4 Kxg3 52. Ke3 Kg4 53. Kd2 Kf4 54. Kc3 1/2-1/2

[Event "HUN-chT2 Erkel 1314"]
[Site "Hungary"]
[Date "2014.04.27"]
[Round "11"]
[White "Sandor, Jozsef"]
[Black "Hajdu, Sandor"]
[Result "1/2-1/2"]
[WhiteElo "2043"]
[BlackElo "1898"]
[PlyCount "80"]
[EventDate "2013.09.08"]
[EventType "team-tourn"]
[EventRounds "11"]
[EventCountry "HUN"]
[SourceTitle "EXT 2016"]
[Source "ChessBase"]
[SourceDate "2015.10.08"]
[SourceVersion "1"]
[SourceVersionDate "2015.10.08"]
[SourceQuality "1"]
[WhiteTeam "Budapest MAFC"]
[BlackTeam "Mezokovesd"]
[WhiteTeamCountry "HUN"]
[BlackTeamCountry "HUN"]

1. Nf3 d5 2. d4 c5 3. dxc5 e6 4. e4 Nf6 5. exd5 Nxd5 6. Bb5+ Bd7 7. Bxd7+ Nxd7 8. c4 N5f6 9. Be3 Bxc5 10. Bxc5 Nxc5 11. 0-0 Qb6 12. Qe2 0-0 13. Nc3 Rfd8 14. Rfd1 h6 15. h3 a5 16. Rd4 Rxd4 17. Nxd4 Nd3 18. Qxd3 Rd8 19. Qe3 Qxd4 20. Qxd4 Rxd4 21. b3 Rd2 22. Kf1 Kf8 23. Rd1 Rc2 24. Rd3 Ke7 25. a3 Nd7 26. Nd1 Nc5 27. Re3 Rc1 28. Ke2 Rb1 29. Kd2 Rxb3 30. Rxb3 Nxb3+ 31. Kd3 Kd6 32. Ne3 Kc5 33. Nd1 Nd4 34. Nc3 Nc6 35. Ne4+ Kb6 36. Nd6 f5 37. Ne8 g5 38. Ng7 e5 39. Nxf5 h5 40. Nd6 g4 1/2-1/2

[Event "Budapest-chT1 Lilienthal 1314"]
[Site "Budapest"]
[Date "2013.12.15"]
[Round "5"]
[White "Fordan, Tibor"]
[Black "Sandor, Jozsef"]
[Result "1/2-1/2"]
[WhiteElo "2227"]
[BlackElo "2043"]
[PlyCount "62"]
[EventDate "2013.09.29"]
[EventType "team-tourn"]
[EventRounds "11"]
[EventCountry "HUN"]
[SourceTitle "EXT 2021"]
[Source "ChessBase"]
[SourceDate "2020.10.23"]
[SourceVersion "1"]
[SourceVersionDate "2020.10.23"]
[SourceQuality "1"]
[WhiteTeam "Budapest EAC III"]
[BlackTeam "REAC SISE"]
[WhiteTeamCountry "HUN"]
[BlackTeamCountry "HUN"]

1. d4 d6 2. c4 e5 3. d5 f5 4. Nc3 Nf6 5. e4 fxe4 6. Nge2 Bf5 7. h3 h5 8. Ng3 g6 9. Qe2 Qd7 10. Ngxe4 Nxe4 11. Nxe4 Bxe4 12. Qxe4 Qf5 13. Bd3 Qxe4+ 14. Bxe4 Rg8 15. f4 Nd7 16. 0-0 Bh6 17. fxe5 Bxc1 18. Raxc1 Nxe5 19. c5 dxc5 20. Rxc5 Kd7 21. Bc2 Rgf8 22. Re1 Kd6 23. Rc3 Rae8 24. Rce3 Re7 25. Be4 Rfe8 26. R3e2 Nc4 27. Kf2 Rf8+ 28. Kg1 Rfe8 29. Kf2 Rf8+ 30. Kg1 Rfe8 31. Kf2 Rf8+ 1/2-1/2

[Event "HUN-chT2 Erkel 1314"]
[Site "Hungary"]
[Date "2013.09.22"]
[Round "2.10"]
[White "Sandor, Jozsef"]
[Black "Vasko, Imre"]
[Result "1-0"]
[WhiteElo "2043"]
[BlackElo "1947"]
[PlyCount "43"]
[EventDate "2013.09.08"]
[EventType "team-tourn"]
[EventRounds "11"]
[EventCountry "HUN"]
[SourceTitle "EXT 2016"]
[Source "ChessBase"]
[SourceDate "2015.10.08"]
[SourceVersion "1"]
[SourceVersionDate "2015.10.08"]
[SourceQuality "1"]
[WhiteTeam "Budapest MAFC"]
[BlackTeam "Andornaktalya"]
[WhiteTeamCountry "HUN"]
[BlackTeamCountry "HUN"]

1. Nf3 Nf6 2. d4 g6 3. Nc3 Bg7 4. e4 d6 5. Bf4 0-0 6. Qd2 Re8 7. 0-0-0 Nbd7 8. Bc4 Nf8 9. Ng5 Ne6 10. h4 h5 11. f3 c6 12. e5 Nh7 13. Bxe6 Nxg5 14. Bxc8 Nxf3 15. gxf3 Rxc8 16. Bh6 Bh8 17. e6 f5 18. Qg2 Kh7 19. Rhg1 Rg8 20. Be3 a6 21. Qg5 Bf6 22. Qh6# 1-0

[Event "HUN-chT2 Erkel 1314"]
[Site "Hungary"]
[Date "2013.09.08"]
[Round "1.8"]
[White "Bubenko, Jozsef"]
[Black "Sandor, Jozsef"]
[Result "1/2-1/2"]
[WhiteElo "1988"]
[BlackElo "2043"]
[PlyCount "21"]
[EventDate "2013.09.08"]
[EventType "team-tourn"]
[EventRounds "11"]
[EventCountry "HUN"]
[SourceTitle "EXT 2016"]
[Source "ChessBase"]
[SourceDate "2015.10.08"]
[SourceVersion "1"]
[SourceVersionDate "2015.10.08"]
[SourceQuality "1"]
[WhiteTeam "Gyongyos Matra"]
[BlackTeam "Budapest MAFC"]
[WhiteTeamCountry "HUN"]
[BlackTeamCountry "HUN"]

1. d4 d6 2. e4 Nf6 3. Nc3 e5 4. dxe5 dxe5 5. Qxd8+ Kxd8 6. Nf3 Bd6 7. Bc4 Be6 8. Bxe6 fxe6 9. 0-0 Nbd7 10. a3 a6 11. Be3 1/2-1/2

[Event "HUN-chT2 Erkel 1213"]
[Site "Hungary"]
[Date "2013.02.17"]
[Round "7.8"]
[White "Sandor, Jozsef"]
[Black "Horvath, Jeno Kalman"]
[Result "1/2-1/2"]
[WhiteElo "2069"]
[BlackElo "2049"]
[PlyCount "25"]
[EventDate "2012.09.16"]
[EventType "team-tourn"]
[EventRounds "11"]
[EventCountry "HUN"]
[SourceTitle "EXT 2014"]
[Source "ChessBase"]
[SourceDate "2013.11.20"]
[SourceVersion "1"]
[SourceVersionDate "2013.11.20"]
[SourceQuality "1"]
[WhiteTeam "Barcza"]
[BlackTeam "Foti"]
[WhiteTeamCountry "HUN"]
[BlackTeamCountry "HUN"]

1. Nf3 Nf6 2. d4 e6 3. Bg5 c5 4. e3 Be7 5. Nbd2 cxd4 6. exd4 0-0 7. c3 b6 8. Bd3 Bb7 9. 0-0 d6 10. Re1 Nbd7 11. Qe2 h6 12. Bxf6 Nxf6 13. Ba6 1/2-1/2

[Event "Budapest-chT1 Lilienthal 1213"]
[Site "Budapest"]
[Date "2013.01.20"]
[Round "6"]
[White "Bogad, Peter"]
[Black "Sandor, Jozsef"]
[Result "1/2-1/2"]
[WhiteElo "2055"]
[BlackElo "2069"]
[PlyCount "36"]
[EventDate "2012.09.30"]
[EventType "team-tourn"]
[EventRounds "11"]
[EventCountry "HUN"]
[SourceTitle "EXT 2019"]
[Source "ChessBase"]
[SourceDate "2018.10.10"]
[SourceVersion "1"]
[SourceVersionDate "2018.10.10"]
[SourceQuality "1"]
[WhiteTeam "Barcza GSC"]
[BlackTeam "Budapest REAC SISE"]
[WhiteTeamCountry "HUN"]
[BlackTeamCountry "HUN"]

1. e4 d6 2. d4 e5 3. dxe5 dxe5 4. Qxd8+ Kxd8 5. Nc3 Be6 6. Bg5+ f6 7. 0-0-0+ Nd7 8. Be3 g6 9. f4 Bh6 10. g3 Ne7 11. Bh3 Bxh3 12. Nxh3 c6 13. Rhe1 Ke8 14. fxe5 Bxe3+ 15. Rxe3 Nxe5 16. Nf4 Rd8 17. Nd3 Nc8 18. Rf1 Ke7 1/2-1/2

[Event "HUN-chT2 Erkel 1213"]
[Site "Hungary"]
[Date "2012.12.02"]
[Round "5.8"]
[White "Sandor, Jozsef"]
[Black "Mede, Istvan"]
[Result "1/2-1/2"]
[WhiteElo "2069"]
[BlackElo "2235"]
[PlyCount "46"]
[EventDate "2012.09.16"]
[EventType "team-tourn"]
[EventRounds "11"]
[EventCountry "HUN"]
[SourceTitle "EXT 2014"]
[Source "ChessBase"]
[SourceDate "2013.11.20"]
[SourceVersion "1"]
[SourceVersionDate "2013.11.20"]
[SourceQuality "1"]
[WhiteTeam "Barcza"]
[BlackTeam "Szigetszentmiklos"]
[WhiteTeamCountry "HUN"]
[BlackTeamCountry "HUN"]

1. Nf3 c5 2. c3 Nf6 3. d4 e6 4. Bf4 Nc6 5. e3 Be7 6. dxc5 Bxc5 7. Nbd2 d5 8. Be2 h6 9. h3 Bd6 10. Bxd6 Qxd6 11. c4 0-0 12. cxd5 Nxd5 13. Nc4 Qb4+ 14. Qd2 Rd8 15. Qxb4 Ndxb4 16. 0-0 b5 17. Nce5 Nxe5 18. Nxe5 Bb7 19. a3 Nc6 20. Nxc6 Bxc6 21. Rfd1 Kf8 22. Rxd8+ Rxd8 23. Rd1 Rxd1+ 1/2-1/2

[Event "Budapest-chT1 Lilienthal 1213"]
[Site "Budapest"]
[Date "2012.11.25"]
[Round "4"]
[White "Sandor, Jozsef"]
[Black "Pal, Mihaly"]
[Result "0-1"]
[WhiteElo "2069"]
[BlackElo "2027"]
[PlyCount "54"]
[EventDate "2012.09.30"]
[EventType "team-tourn"]
[EventRounds "11"]
[EventCountry "HUN"]
[SourceTitle "EXT 2019"]
[Source "ChessBase"]
[SourceDate "2018.10.10"]
[SourceVersion "1"]
[SourceVersionDate "2018.10.10"]
[SourceQuality "1"]
[WhiteTeam "Budapest REAC SISE"]
[BlackTeam "Taban Spartacus II"]
[WhiteTeamCountry "HUN"]
[BlackTeamCountry "HUN"]

1. Nf3 c5 2. c3 Nc6 3. d4 cxd4 4. cxd4 d5 5. Nc3 Nf6 6. Bg5 e6 7. e3 Be7 8. Bd3 0-0 9. Rc1 Qb6 10. Qe2 Bd7 11. Ne5 Be8 12. 0-0 h6 13. Bh4 Nd7 14. Na4 Qd8 15. Nxc6 bxc6 16. Bxe7 Qxe7 17. Qc2 e5 18. Qxc6 Nb6 19. Qc5 Qe6 20. Nc3 e4 21. Be2 a5 22. Nb5 Bxb5 23. Qxb5 Rfb8 24. Rc6 Nc4 25. Bxc4 Rxb5 26. Rxe6 dxc4 27. Rc1 fxe6 0-1

[Event "HUN-chT2 Erkel 1213"]
[Site "Hungary"]
[Date "2012.11.04"]
[Round "3.7"]
[White "Sandor, Jozsef"]
[Black "Goczo, Melinda"]
[Result "0-1"]
[WhiteElo "2069"]
[BlackElo "2234"]
[PlyCount "72"]
[EventDate "2012.09.16"]
[EventType "team-tourn"]
[EventRounds "11"]
[EventCountry "HUN"]
[SourceTitle "EXT 2014"]
[Source "ChessBase"]
[SourceDate "2013.11.20"]
[SourceVersion "1"]
[SourceVersionDate "2013.11.20"]
[SourceQuality "1"]
[WhiteTeam "Barcza"]
[BlackTeam "Paszto"]
[WhiteTeamCountry "HUN"]
[BlackTeamCountry "HUN"]

1. Nf3 d5 2. d4 Nf6 3. Bf4 c5 4. e3 Nc6 5. c3 Qb6 6. Qb3 c4 7. Qc2 Bf5 8. Qc1 Rc8 9. Be2 h6 10. Nbd2 e6 11. h3 Be7 12. Ne5 Nxe5 13. Bxe5 0-0 14. 0-0 Qc6 15. Bd1 Bd3 16. Bxf6 Bxf6 17. Re1 e5 18. dxe5 Bxe5 19. Bc2 Be4 20. Nxe4 dxe4 21. Qd2 Rcd8 22. Qe2 f5 23. Rad1 Rd3 24. Bxd3 cxd3 25. Qh5 Kh7 26. Rd2 Qe6 27. g4 g6 28. Qh4 Bf6 29. Qg3 Qxa2 30. Qc7+ Rf7 31. Qd6 Bxc3 32. gxf5 gxf5 33. Rdd1 Bxe1 34. Rxe1 Rg7+ 35. Kh2 Qxb2 36. Qf4 Qf6 0-1